Normal view MARC view

Entry Personal Name

Number of records used in: 1

001 - CONTROL NUMBER

  • control field: 85351

003 - CONTROL NUMBER IDENTIFIER

  • control field: dpl

005 - DATE AND TIME OF LATEST TRANSACTION

  • control field: 20251003142944.0

008 - FIXED-LENGTH DATA ELEMENTS

  • fixed length control field: 251003|| aca||aabn | a|a d

040 ## - CATALOGING SOURCE

  • Original cataloging agency: dpl
  • Transcribing agency: dpl

100 ## - HEADING--PERSONAL NAME

  • Personal name: श्रीवास्तव, सुरेन्द्र

670 ## - SOURCE DATA FOUND

  • Source citation: Work cat.: (dpl)209117: श्रीवास्तव, सुरेन्द्र, विद्यार्थियों में तनाव व आत्महत्या की बढ़ती घटनाएँ /, अनुपम प्रकाशन

© Delhi Public Library
Hit Counter
free hit counter